LEADER 01660nam a2200289 u 4500 001 000000017994 003 CaOOAMICUS 005 20070226110626.0 008 941217s1934 it h u000 u ita u 035 $a10419525 040 $aPUL(R)$bita 100 1 $aAstuti, Guido,$d1910-1980.$0(OLS)http://pul/name/4396 245 13$aIl libro dell'entrata e dell'uscita di una compagnia mercantile senese del secolo XIII (1277-1282) /$cGuido Astuti. 260 $aTorino :$bS. Lattes & c.,$c1934. 300 $axxiv p., 563 p., [1] c. di tav. :$bfacs. ;$c26 cm 490 1 $aDocumenti e studi per la storia del commercio e del diritto commerciale italiano ;$v5 500 $aÉ {mlrhring}il {mlrhring}Livro dell'entrata et dell'uscita{AF} di una compagnia senese non identificata{AF}. - Pref. 500 $aContiene indici. 500 $aNote bibliografiche a piè pagina della prefazione. 650 4$aCommercio$xStoria$xFonti.$0(OLS)http://pul/subject/12588 830 0$aDocumenti e studi per la storia del commercio e del diritto commerciale italiano ;$v5.$0(OLS)http://pul/title/4765 850 $aPUL 852 $aPUL$W1$xDP2 Diritto Canonico 1$y64$m167 F 36$j25339$nBK-PRI$qStampati$B25339$CPULBib$Z2$F25339 $H7488 $82 941 1 $a8 961 $aPrecedente collocazione: Bibliotheca Pontificium Institutum Utriusque Iuris (22 F 5).Timbro sul front.: Bibliotheca Pontificium Institutum Utriusque Iuris. 996 $6245$aIl libro dell'entrata e dell'uscita di una compagnia mercantile senese del secolo XIII (1277-1282)$9(OLS)http://pul/title/25718 996 $6260$aTorino :$bS. Lattes & c.$9(OLS)http://pul/publisher/50108 LEADER 01666nam a2200361 a 4500 001 000000173454 003 CaOOAMICUS 005 20200520155347.0 008 200520s2019 it u000 u ita r 020 $a978-88-311-4961-7* 032 $aLibriCat 040 $aPUL$bita 082 04$a264 245 02$aI salmi, preghiera d'Israele di Cristo e della Chiesa : $bil Salterio nella liturgia e nella pietà popolare / $cPiero Sorci (ed.) 260 $aRoma :$bCittà Nuova,$c©2019$a[Palermo] :$bFacoltà teologia di Sicilia 300 $a369 p. ;$c21 cm 490 1 $aHo theológos ;$v12 504 $aBibliografia in nota. 504 $aBibliografia in nota. 610 24$aChiesa cattolica$xLiturgia.$0(OLS)http://pul/subject/10100 630 04$aBiblia.$pV.T.$pPsalmi.$0(OLS)http://pul/subject/1292 650 4$aLiturgia$xStudi.$0(OLS)http://pul/subject/13193 700 1 $aSorci, Pietro.$0(OLS)http://pul/name/63368 830 0$aHo theológos (Città Nuova) ;$v12.$0(OLS)http://pul/title/174244 850 $aPUL 852 $aPUL$W1$xSL Religione 3$y85$m264 SORPI 3$j197448$qDDC 21$B202232$CPULBib$Z2$F202232 $H134119 $82 941 1 $a9 996 $6020$a978-88-311-4961-7*$9(OLS)http://pul/number/167459 996 $6082$a264$9(OLS)http://pul/classification/492 996 $6245$aI salmi, preghiera d'Israele di Cristo e della Chiesa : $bil Salterio nella liturgia e nella pietà popolare / $9(OLS)http://pul/title/214639 996 $6260$aRoma :$bCittà Nuova$9(OLS)http://pul/publisher/47927 996 $6260$a[Palermo] :$bFacoltà teologia di Sicilia$9(OLS)http://pul/publisher/82641